Current New York Knicks Trivia - Statistics

General Stats
  • This quiz has been taken 80 times
    48 since last reset
  • The average score is 7 of 17
Answer Stats
Hint Answer % Correct
Knicks current Head Coach Mike brown
87%
Miles Mcbride's nickname Deuce
72%
College Jalen Brunson went to Villanova
64%
Player Timberwolves received with Karl-Anthony Towns trade Julius Randle
62%
Jalen Brunson's dad who is a assistant coach (Just first name) Rick
62%
Knicks stadium shared with the Rangers Madison Square Garden
59%
Other player Timberwolves received with Karl-Anthony Towns trade Donte DiVincenzo
41%
Player that was picked first in 2015 NBA Draft Karl-Anthony Towns
38%
Jalen Brunson's nickname Brunson Burner
36%
Knicks Current youngest player (He is 19 years old) Pacôme Dadiet
36%
Country OG Anunoby was born in United Kingdom
36%
Knicks player who is the second oldest player in the NBA right now after Lebron James. (He is 40 years old) P.J. Tucker
33%
What OG stands for in OG Anunoby Ogugua
21%
Tyler Kolek’s middle name John
10%
Retired player who is a assistant coach Maurice Cheeks
10%
Other player Timberwolves received with Karl-Anthony Towns trade Keita Bates-Diop
8%
Josh Hart's middle name Aaron
5%
No matching quizzes found
Score Distribution
Percent of People with Each Score
Percentile by Number Answered
Your Score History
You have not taken this quiz since the last reset